| 000 | 02383nam a22002537a 4500 | ||
|---|---|---|---|
| 005 | 20240304162814.0 | ||
| 008 | 240304b ||||| |||| 00| 0 eng d | ||
| 020 | _a9789401083713 | ||
| 040 | _cAL | ||
| 041 | _aeng | ||
| 082 |
_223 _a664.807 _bPATE |
||
| 100 |
_aHarold E Pattee Ed _9152735 |
||
| 245 | _aEvaluation of Quality of Fruits and Vegetables | ||
| 260 |
_aConnecticut _bAvi Publishing Company Inc. _c2023 |
||
| 300 |
_axiii,410p. _bHB _c23x15cm. |
||
| 365 |
_2Food Processig Technology _a7742 _b1946.00 _c₹ _d2495.00 _e22% _f15-02-2024 |
||
| 520 | _aAcceptance or rejection of any edible commodity, whether it is raw or processed, is usually conditioned by sensory stimuli. The impact of these stimuli on the decision-making proce·ss is broadly termed sensory evaluation. Advances in sensory evaluation research have been slow in the past because of the human factor-the necessity to use highly trained sensory panels to conduct this research. High technology in strumentation and new understandings of sensory evaluations are now combining to make possible quantum jumps forward in sensory eval uation research. It is widely recognized that the sensory aspects of fruits and vegeta bles are affected by many factors, among them environment, variety, cultural practices, and handling practices. However, if one attempts to find a general reference or compilation of findings regarding this sub ject area there seems to be few, if any, available. A survey of the literature does suggest that in the past few years research into specific factors which influence the sensory aspects of fruits and vegetables has increased significantly. This increased interest in sensory research and the renewed national awareness of the value of research into pre and postharvest quality of fruits and vegetables prompted the Flavor Subdivision, Agricultural and Food Chemistry Division, American Chemical Society to sponsor a symposium entitled "Sensory Evalua tion of Fruits and Vegetables: Effect of Environment, Cultural Prac tices and Variety" during the 1982 meeting in Kansas City, Missouri. | ||
| 650 |
_aFruit Sensory Evalution Congresses _9152730 |
||
| 650 |
_aVegetable Sensory Evaluation _9152731 |
||
| 650 |
_aAmerican Chemical Society _9152732 |
||
| 650 |
_aFruit Quality Congress _9152733 |
||
| 700 |
_aPATTEE (Harold E) Ed _9152734 |
||
| 942 |
_2ddc _cBK |
||
| 999 |
_c230003 _d230003 |
||